Normal view
MARC view
- method of minimization error energy.
Entry Topical Term
001 - CONTROL NUMBER
- control field: 66291
003 - CONTROL NUMBER IDENTIFIER
- control field: OSt
005 - DATE AND TIME OF LATEST TRANSACTION
- control field: 20250410111314.0
008 - FIXED-LENGTH DATA ELEMENTS
- fixed length control field: 250410|| aca||babn | a|a d
040 ## - CATALOGING SOURCE
- Original cataloging agency: OSt
150 ## - HEADING--TOPICAL TERM
- Topical term or geographic name entry element: method of minimization error energy.
